| 000 | 00632nam a22001937a 4500 | ||
|---|---|---|---|
| 999 |
_c11010 _d11010 |
||
| 003 | AR-CdUCM | ||
| 008 | 190401b ||||| |||| 00| 0 spa d | ||
| 040 |
_aMUNICIPALIDAD PROVINCIAL DEL CUSCO _cBIBLIOTECA MUNICIPAL DEL CUSCO |
||
| 082 |
_aEP / 372.461 / _bZ42 |
||
| 100 |
_aZapata Misad, Ruth Maria _927736 |
||
| 245 |
_aFarolito Integrado : _bTaller de aprestamiento / |
||
| 260 |
_aLima : _bCoquito, |
||
| 300 |
_a207 páginas ; _bilustraciones, graficos, dibujos, _c28 cm. |
||
| 500 | _acuaderno de trabajo | ||
| 650 |
_aCuaderno taller. _927737 |
||
| 650 |
_aTexto educativo _925832 |
||
| 942 |
_2ddc _cLIBROS |
||
| 945 | _apjha | ||